000
00212nam a22000857a 4500
008
170612b xxu||||| |||| 00| 0 eng d
100
_9
3350
_a
Prachi
245
_a
Math Solution Book-6
260
_a
New Delhi
_b
Prachi
_c
2010
999
_c
6687
_d
6687